000 00611nam a2200181 i 4500
001 180189
003 ES-MaACL
005 20230906221026.0
007 t|
008 120516s1969 sp ||||1| spa d
080 _a081 Chao Espina, Enrique
100 1 _aChao Espina, Enrique.
_937996
245 1 0 _aMiscelánea de publicaciones.
_nTomo IV,
_pReligión, geografía e historia /
_cE. Chao Espina.
260 _a[La Coruña :
_bs.n.,
_c1969?]
300 _a1 v. (pag. var.) :
_bil. ;
_c23 cm.
651 4 _aViveiro-
_vMisceláneas.
_9149982
852 _aES-MaACL
_jE-15404
_z.- Dedicatoria manuscrita del autor
999 _c180189
_d180189